000 00649nam a2200181 a 4500
001 000030440
005 20200930062320.0
008 110517s1972 dr a 000 | spa d
040 _aDO-SdBNP
_bspa
_cBNPHU
082 _axxx
_bW784c
100 1 _aWinter, Lloyd C.
_955360
245 1 0 _aConque, ¿usted quiere ser un velocista? /
_cLloyd C. "Bud" Winter.
260 _aSanto Domingo :
_bSecretaria de Estado de Educación, Bellas Artes y Cultos. Dirección General de Educación Física Escolar,
_c1972.
300 _a60 p. :
_bil. ;
_c18 cm.
490 1 _a¿Usted quiere ser...?
_v13
830 0 _a¿Usted quiere ser...?;
_v13
_957076
049 _aBNPD
999 _c29932
_d29932